header

Achieving complete band gaps using low refractive index material (Record no. 60230)

MARC details
000 -LEADER
fixed length control field 01591nam a2200397 a 4500
082 04 - DEWEY DECIMAL CLASSIFICATION NUMBER
Classification number 537.6/22
100 1# - MAIN ENTRY--AUTHOR NAME
Personal name Liu, Dahe,
245 10 - TITLE STATEMENT
Title Achieving complete band gaps using low refractive index material
260 ## - PUBLICATION, DISTRIBUTION, ETC. (IMPRINT)
Place of publication New York :
Name of publisher Novinka/Nova Science Publishers,
Year of publication c2010.
300 ## - PHYSICAL DESCRIPTION
Number of Pages 57 p. :
Other physical details ill. (some col.).
490 1# - SERIES STATEMENT
Series statement Nanotechnology science and technology
505 0# - FORMATTED CONTENTS NOTE
Formatted contents note Introduction -- Complex diamond structure -- Self-simulating structure -- Conclusion.
650 #0 - SUBJECT ADDED ENTRY--TOPICAL TERM
Topical Term Crystal optics.
Topical Term Photonic crystals.
Topical Term Refraction.
700 1# - ADDED ENTRY--PERSONAL NAME
Personal name Zhai, Tianrui.
Personal name Wang, Zhaona.
856 40 - ELECTRONIC LOCATION AND ACCESS
Uniform Resource Identifier http://site.ebrary.com/lib/rucke/Doc?id=10680816

No items available.

© 2026 Rongo University
Contact us: librarian | system librarian | Rongo university